Моделирование плоской термоупругой волны, движущейся в объёме металла; Ресурсоэффективным технологиям - энергию и энтузиазм молодых

Dades bibliogràfiques
Parent link:Ресурсоэффективным технологиям - энергию и энтузиазм молодых.— 2010.— С. 103-105
Autor principal: Белов Е. В.
Altres autors: Дайнекин Ю. В. (научный руководитель)
Idioma:rus
Publicat: 2010
Matèries:
Format: MixedMaterials Capítol de llibre
KOHA link:https://koha.lib.tpu.ru/cgi-bin/koha/opac-detail.pl?biblionumber=190267

MARC

LEADER 00000naa2a2200000 4500
001 190267
005 20231031175650.0
035 |a (RuTPU)RU\TPU\book\207232 
090 |a 190267 
100 |a 20110119d2010 k y0rusy50 ca 
101 0 |a rus 
102 |a RU 
200 1 |a Моделирование плоской термоупругой волны, движущейся в объёме металла  |f Е. В. Белов  |g науч. рук. Ю. В. Дайнекин 
320 |a Библиогр.: 3 назв. 
463 0 |0 (RuTPU)RU\TPU\book\199176  |t Ресурсоэффективным технологиям - энергию и энтузиазм молодых  |o сборник докладов I Университетской конференции студентов элитного технического образования, 19-20 апреля 2010 г. г. Томск  |f Национальный исследовательский Томский политехнический университет (ТПУ)  |v С. 103-105  |d 2010  |p 224 с. 
610 1 |a маталлы 
610 1 |a волны 
610 1 |a моделирование 
610 1 |a сильноточные электронные пучки 
610 1 |a труды учёных ТПУ 
700 1 |a Белов  |b Е. В. 
702 1 |a Дайнекин  |b Ю. В.  |4 727 
801 1 |a RU  |b 63413507  |c 20110119 
801 2 |a RU  |b 63413507  |c 20110119  |g RCR 
942 |c BK